000 00731nam a2200241Ia 4500
003 OSt
005 20250721113728.0
008 220917b |||||||| |||| 00| 0 eng d
020 _a9780198718215 (pbk)
037 _cTB
040 _aARTS
_cARTS
_beng
041 _2eng
_aeng
084 _aP111,35 Q7
_qAL
100 _aArregui Ana Ed.
_928405
245 0 _aModality across syntactic categories
260 _aOxford, UK:
_bOxford University Press,
_c2017.
300 _axiv,345p.
_ccm.
650 _aLINGUISTICS
700 _a Rivero Maria Luisa Ed.
_928406
700 _a Salanova Andres Ed.
_928407
942 _hP111,35, Q7
_cTB
_2CC
_n0
999 _c133707
_d133707